000
00329nam a22001457a 4500
008
211012b ||||| |||| 00| 0 eng d
020
_a
9780397547333
041
_a
eng
080
_2
2nd
_a
610.73
082
_a
610.73
100
_a
2
101
_a
INF
245
_a
Comprehensive Maternity Nursing
_c
May,K.A
942
_2
udc
_c
BK
999
_c
58160
_d
58160